| 000 | 00709nam a2200205 a 4500 | ||
|---|---|---|---|
| 999 |
_c2404 _d2404 |
||
| 003 | BD-JhCC | ||
| 005 | 20171102090041.0 | ||
| 008 | 171102s1367 bg |||| ||a| 001 0 ben d | ||
| 035 | _a(BD-JhCC) | ||
| 040 |
_aBD-JhCC _dBD-JhCC |
||
| 041 | _aben | ||
| 082 |
_a891.4415 _bMUK 1367 |
||
| 100 | _aমুখোপাধ্যায়, অরুনকুমার | ||
| 245 |
_aঊনবিংশ শতাব্দীর বাংলা গীতিকাব্য / _cঅরুনকুমার মুখোপাধ্যায় |
||
| 260 |
_aকলিকাতা : _bজিজ্ঞাসা, _c1367. |
||
| 300 |
_a399 p. : _c22 cm. |
||
| 650 | _aBengali Poetry | ||
| 942 |
_2ddc _cBK |
||